[Event "Michigan Juniors"]
[Site "East Grand Rapids"]
[Date "2005.03.19"]
[Round "1.17"]
[White "Eling, Matt"]
[Black "Kowalski, Brent"]
[Result "0-1"]
[WhiteElo "679"]
[BlackElo "1276"]
[PlyCount "74"]
[EventDate "2005.03.19"]
[EventType "swiss"]
[EventRounds "5"]
[EventCountry "USA"]
[SourceTitle "EXT 2006"]
[Source "ChessBase"]
[SourceDate "2005.11.24"]
[SourceVersion "1"]
[SourceVersionDate "2005.11.24"]
[SourceQuality "1"]

1. e4 c5 2. Nf3 e6 3. Nc3 Nc6 4. d4 cxd4 5. Nxd4 Bb4 6. Nxc6 bxc6 7. Qg4 Qf6 8. Bc4 Bxc3+ 9. Bd2 Bxd2+ 10. Kxd2 Qd4+ 11. Ke2 Qxc4+ 12. Ke1 g6 13. b3 Qc3+ 14. Ke2 Ba6+ 15. Kd1 Qxa1+ 16. Kd2 Qxh1 17. Qf4 Ne7 18. Qf6 Rg8 19. c4 Qxg2 20. a4 h6 21. Qh4 Qg5+ 22. Qxg5 hxg5 23. Kc3 Rh8 24. Kb4 Rb8+ 25. Ka5 Bc8 26. c5 f5 27. e5 f4 28. f3 Nf5 29. b4 Nd4 30. b5 cxb5 31. Kb4 bxa4+ 32. Kc4 Ba6+ 33. Kc3 Ne2+ 34. Kc2 Rxh2 35. c6 Nd4+ 36. Kc1 Rbb2 37. Kd1 Rb1# 0-1

[Event "Lansing op"]
[Site "Lansing"]
[Date "2004.09.05"]
[Round "4"]
[White "Payne, Ashlee"]
[Black "Kowalski, Brent"]
[Result "0-1"]
[WhiteElo "1242"]
[BlackElo "1174"]
[PlyCount "61"]
[EventDate "2004.09.03"]
[EventType "swiss"]
[EventRounds "7"]
[EventCountry "USA"]
[SourceTitle "EXT 2007"]
[Source "ChessBase"]
[SourceDate "2006.11.23"]
[SourceVersion "1"]
[SourceVersionDate "2006.11.23"]
[SourceQuality "1"]

1. d4 d5 2. Nc3 e6 3. e4 c6 4. Bf4 Bd6 5. e5 Bc7 6. Nf3 f6 7. exf6 Nxf6 8. Bxc7 Qxc7 9. Bd3 Nbd7 10. Qe2 Qd6 11. a3 c5 12. Nb5 Qc6 13. Ne5 Nxe5 14. dxe5 Ne4 15. f3 c4 16. fxe4 Qxb5 17. exd5 cxd3 18. cxd3 0-0 19. Rf1 Rxf1+ 20. Kxf1 Bd7 21. Kg1 Qxd5 22. Rf1 Bb5 23. Rd1 Qd4+ 24. Qf2 Qxe5 25. d4 Rd8 26. Re1 Qd5 27. Rd1 e5 28. Qf3 Qxf3 29. gxf3 Rxd4 30. Re1 Rd5 31. Kf2 0-1